Vancouver Landmarks - Statistics

General Stats
  • This quiz has been taken 20 times
    5 since last reset
  • The average score is 14 of 16
Answer Stats
Hint Answer % Correct
You've probably seen this stadium while driving into Vancouver; You might have even been inside for a football game or a concert from Beyoncé, Taylor Swift or U2! BC Place
100%
This iconic convention centre is located right on the waterfront of Downtown. Its home to the cruise ship terminal, iconic billowing sails, a luxury hotel, and at Christmas time, some of the best light displays in Vancouver. Canada Place
100%
Home to thousands of Chinese Canadians, this is a great place to take a walk through the lovely gardens or the breathtaking Millennium gate, and stop at one of the many bakeries for a quick treat. Chinatown
100%
Styled to look like a 19th-century antique, this unique landmark is a global rarity, being one of the only of its kind. It whistles every 15 minutes, which attracts visitors wanting to hear its chime. Gastown Steam Clock
100%
This is an iconic suspension bridge connecting Downtown Vancouver to North and West Vancouver. Known for its distinctive green hue, it is equally beautiful in the day or in the night, once the lights come on. Lions Gate Bridge
100%
While not as big or as popular as its neighbour, this stadium is home to the Vancouver Canucks and is a favourite place for sports fans to go. Rogers Arena
100%
Build for Expo '86, this iconic domed structure at the end of False Creek is a magical place to be as a kid and a beautiful architectural wonder to view as an adult. Science World
100%
Located off Downtown Vancouver, this huge urban park is always bustling. Surrounded by the waters of English Bay and Burrard Inlet, this is a park that you must see if you are in Vancouver. Stanley Park
100%
Built for the 2010 Winter Olympics in Vancouver, these 4 magnificent pillars are only lit for special events, but when they are, they look even more impressive. The Olympic Torches
100%
This is a favourite for animal lovers, especially marine animals, as it houses over 65,000 creatures. Vancouver Aquarium
100%
Located off Robson Square, this masterfully designed building is an icon of Downtown and is filled with innovative exhibits, which make for a wonderful unique experience. Vancouver Art Gallery
100%
A urban shopping district just off False Creek, this is a must see for anyone looking for unique specialty shops and galleries. Granville Island
75%
An iconic Downtown tower with breathtaking, panoramic views of the city. Harbour Centre
75%
Formerly the site of basalt quarries, this multi-levelled park provides breathtaking views and fantastic photos. Queen Elizabeth Park
75%
Located in the Heart of Downtown, this breathtaking catholic cathedral is renowned for its 21 stained glass windows, high towers, unique statues and historical artifacts housed inside. Cathedral of Our Lady of the Holy Rosary
25%
A historic and beautiful Anglican church in downtown Vancouver, this beautiful building is known for stained glass windows and stunning architecture. It is open for public visits almost all throughout the day, but you might be able to catch a concert there at night. Christ Church Cathedral
25%
No matching quizzes found
Score Distribution
Percent of People with Each Score
Percentile by Number Answered
Your Score History
You have not taken this quiz since the last reset